000 01080nam a2200253Ia 4500
003 OSt
005 20221005105137.0
006 a|||||r|||| 00| 0
007 ta
008 221004b |||||||| |||| 00| 0 hin d
020 _a8179751627 (hbk)
_c400
024 _a96994
037 _b416, 23/03/2009, Swaraj Prakashan
_cTextual
040 _aCRL
_cCRL
_bhin
041 _2hin
_ahin
082 _aO152vN0, P7
100 _aपारख, जवरीमल्ल
245 0 _aआधुनिक हिंदी साहित्य
_b मूल्यांकन और पुनर्मूल्यांकन
246 _aĀdhunik hiandī sāhitya: mūlyāankan aur punarmūlyāankana
260 _aनई दिल्ली
_bअनामिका पब्लिशर्स एंड डिस्ट्रीब्यूटर्स (प्रा.) लि. भारत
_c2007
300 _a248पृ0
_ccm.
942 _hO152vN0, P7
_cTEXL
_2cc
999 _c1014910
_d1014910